000 01463cam a22003854a 4500
001 15195427
005 20170105102839.0
008 080116s2008 ii b 001 0 eng
010 _a 2008336646
020 _a0415456843
025 _aI-E-2008-336646; 63-91
035 _a(IN-NdUBS)UBS08000113
037 _bLibrary of Congress -- New Delhi Overseas Office
_cRs595.00
040 _aDLC
_cDLC
_dDLC
042 _alcode
043 _aa-ii---
_aa-ce---
050 0 0 _aU241
_b.R34 2008
082 _a355.0218
100 1 _aRajagopalan, Rajesh.
245 1 0 _aFighting like a guerrilla :
_bthe Indian Army and counterinsurgency /
_cRajesh Rajagopalan.
260 _aNew Delhi :
_bRoutledge,
_cc2008.
300 _a217 p. ;
_c23 cm.
490 0 _aStudies in war and international politics
504 _aIncludes bibliographical references (p. 189-205) and index.
650 0 _aCounterinsurgency
_zIndia.
650 0 _aGuerrilla warfare
_zIndia.
650 0 _aGuerrilla warfare
_zSri Lanka.
650 0 _aMilitary doctrine
_zIndia.
856 4 1 _3Table of contents
_uhttp://www.loc.gov/catdir/toc/fy0804/2008336646.html
856 4 2 _3Publisher description
_uhttp://www.loc.gov/catdir/enhancements/fy0908/2008336646-d.html
856 4 2 _3Contributor biographical information
_uhttp://www.loc.gov/catdir/enhancements/fy1008/2008336646-b.html
906 _a7
_bcbc
_corigode
_d3
_encip
_f20
_gy-gencatlg
942 _2ddc
_cBK
999 _c13807
_d13807